[Event "Madrid ch 2021-2022 Final"]
[Site "Madrid ESP"]
[Date "2022.05.25"]
[Round "1.1"]
[White "Moreno Ruiz, Javier"]
[Black "Torres Boch, Jose F."]
[Result "1/2-1/2"]
[WhiteElo "2422"]
[BlackElo "2134"]
[PlyCount "146"]
[EventDate "2022.05.25"]
[EventType "swiss"]
[EventRounds "7"]
[EventCountry "ESP"]
[SourceTitle "Ajedrez en Madrid"]
[Source "lmi"]
[SourceDate "2022.05.26"]
[SourceVersion "1"]
[SourceVersionDate "2022.05.31"]
[SourceQuality "1"]

1. d4 Nf6 2. c4 e6 3. Nc3 Bb4 4. e3 O-O 5. Nge2 Re8 6. a3 Bf8 7. d5 exd5 8.
cxd5 c5 9. Ng3 d6 10. Be2 a6 11. a4 Nbd7 12. O-O g6 13. e4 Bg7 14. Bf4 Ne5 15.
Qd2 h5 16. Bg5 Qb6 17. a5 Qa7 18. f3 b5 19. axb6 Qxb6 20. Na4 Qa7 21. Be3 Qb7
22. Rfb1 a5 23. Nc3 h4 24. Nh1 Nh5 25. Nf2 f5 26. Bg5 Nf7 27. Bb5 Bd7 28. Bxd7
Qxd7 29. exf5 Nxg5 30. Qxg5 Qxf5 31. Qxh4 Bd4 32. Nb5 Qxd5 33. Rd1 Re2 34. Nxd4
cxd4 35. Qxd4 Qxd4 36. Rxd4 Rc8 37. Rg4 Kg7 38. Ne4 Nf6 39. Nxf6 Kxf6 40. h4
Rc5 41. b4 axb4 42. Rxb4 g5 43. Rd1 gxh4 44. Rxd6+ Ke7 45. Rh6 Kf7 46. Rhxh4
Kg6 47. Rbg4+ Kf6 48. Rh6+ Kf7 49. Rb6 Rc7 50. Kh2 Ra2 51. Kh3 Rd2 52. Rh4 Kg7
53. Ra4 Re2 54. g4 Rf7 55. Kg3 Re1 56. Ra3 Rg1+ 57. Kf2 Rxg4 58. Rab3 Rgf4 59.
Kg3 R4f5 60. R6b4 Rg5+ 61. Rg4 Rxg4+ 62. Kxg4 Rf6 63. Rb7+ Kf8 64. f4 Ra6 65.
Kg5 Rc6 66. f5 Ra6 67. Rd7 Rb6 68. Rd2 Ra6 69. Re2 Rb6 70. Rh2 Ra6 71. Rh8+ Kf7
72. Rh7+ Kf8 73. Rb7 Rc6 1/2-1/2

[Event "Madrid ch 2021-2022 Final"]
[Site "Madrid ESP"]
[Date "2022.05.25"]
[Round "1.2"]
[White "De La Puerta Cresis, Javier"]
[Black "Almagro Llamas, Pablo"]
[Result "1/2-1/2"]
[WhiteElo "2128"]
[BlackElo "2404"]
[PlyCount "117"]
[EventDate "2022.05.25"]
[EventType "swiss"]
[EventRounds "7"]
[EventCountry "ESP"]
[SourceTitle "Ajedrez en Madrid"]
[Source "lmi"]
[SourceDate "2022.05.26"]
[SourceVersion "1"]
[SourceVersionDate "2022.05.31"]
[SourceQuality "1"]

1. d4 Nf6 2. c4 e6 3. g3 d5 4. Bg2 Be7 5. Nf3 O-O 6. O-O c6 7. Qc2 b6 8. Nbd2
Bb7 9. e4 Nbd7 10. e5 Ne8 11. cxd5 cxd5 12. Re1 Rc8 13. Qa4 a5 14. Nf1 Ba6 15.
h4 Bd3 16. Qd1 Bg6 17. Ng5 Nb8 18. Nh3 h6 19. Ne3 Nc6 20. Nf4 Be4 21. Bxe4 dxe4
22. Nc2 Nxe5 23. Rxe4 Nc4 24. b3 Ncd6 25. Re1 Nf6 26. Ne3 Nde4 27. a3 Bd6 28.
Ng4 Nc3 29. Qf3 Nxg4 30. Qxg4 Bxf4 31. Qxf4 Nd5 32. Qe4 Rc6 33. Bf4 Qd7 34. Be5
Rc3 35. Rab1 Re8 36. Qg4 f6 37. Bf4 Kh7 38. Bd2 Rc6 39. Re2 Qf7 40. Rbe1 h5 41.
Qf3 Qg6 42. Kg2 Kg8 43. Kg1 Kf7 44. Kf1 Rcc8 45. Kg2 Re7 46. Kf1 Qf5 47. Qxf5
exf5 48. Rxe7+ Nxe7 49. Ke2 Ke6 50. Kd3+ Kd7 51. Rb1 Nd5 52. Re1 Rc6 53. Rb1
Rc7 54. Re1 Rc8 55. Rb1 Rg8 56. Rh1 Re8 57. Rc1 Rg8 58. Rh1 Rc8 59. Rb1 1/2-1/2

[Event "Madrid ch 2021-2022 Final"]
[Site "Madrid ESP"]
[Date "2022.05.25"]
[Round "1.3"]
[White "Martin Duque, Jesus"]
[Black "Horcajuelo Rocamora, Martin"]
[Result "1-0"]
[WhiteElo "2391"]
[BlackElo "2126"]
[PlyCount "35"]
[EventDate "2022.05.25"]
[EventType "swiss"]
[EventRounds "7"]
[EventCountry "ESP"]
[SourceTitle "Ajedrez en Madrid"]
[Source "lmi"]
[SourceDate "2022.05.26"]
[SourceVersion "1"]
[SourceVersionDate "2022.05.31"]
[SourceQuality "1"]

1. c4 Nf6 2. Nc3 c5 3. Nf3 b6 4. e4 Bb7 5. e5 Ne4 6. Bd3 Nxc3 7. dxc3 d5 8. e6
fxe6 9. Ne5 g6 10. Qg4 Rg8 11. Qxe6 Rg7 12. Bh6 Qd6 13. cxd5 Qxe6 14. dxe6 Rg8
15. Bb5+ Kd8 16. O-O-O+ Kc8 17. Bd7+ Kd8 18. Nf7+ 1-0

[Event "Madrid ch 2021-2022 Final"]
[Site "Madrid ESP"]
[Date "2022.05.25"]
[Round "1.4"]
[White "Bravo De La Vega, Alvaro"]
[Black "Abbasifar, Hasan"]
[Result "1/2-1/2"]
[WhiteElo "2082"]
[BlackElo "2378"]
[PlyCount "125"]
[EventDate "2022.05.25"]
[EventType "swiss"]
[EventRounds "7"]
[EventCountry "ESP"]
[SourceTitle "Ajedrez en Madrid"]
[Source "lmi"]
[SourceDate "2022.05.26"]
[SourceVersion "1"]
[SourceVersionDate "2022.05.31"]
[SourceQuality "1"]

1. e4 d6 2. d4 Nf6 3. Nc3 g6 4. Bf4 Bg7 5. Qd2 c6 6. Bh6 Bxh6 7. Qxh6 Qa5 8.
Bd3 b5 9. Qd2 b4 10. Nce2 O-O 11. c3 bxc3 12. Qxc3 Qb6 13. Nf3 Na6 14. Nd2 Nb4
15. Bb1 Ba6 16. a3 Bxe2 17. Kxe2 Na6 18. Bd3 c5 19. Qc4 Nc7 20. dxc5 dxc5 21.
Rhc1 Ne6 22. Qc3 Rfd8 23. g3 Rd4 24. Nf3 Nxe4 25. Qc2 Nf6 26. Kf1 Qb7 27. Be2
Rad8 28. Kg1 R4d6 29. b4 cxb4 30. axb4 a6 31. Qc4 Nd4 32. Nxd4 Rxd4 33. Qxa6
Qxb4 34. Rcb1 Qc5 35. Rc1 Qe5 36. Ra5 Qe4 37. Rc8 Kg7 38. Rxd8 Rxd8 39. Ra3 Rd6
40. Qb5 Qc2 41. Qc4 Qb1+ 42. Kg2 Rd2 43. Re3 Nd5 44. Rxe7 Qb2 45. Re8 Qb7 46.
Bf3 Qb6 47. Re2 Rxe2 48. Qxe2 Qd4 49. Qe4 Qxe4 50. Bxe4 Nc3 51. Bd3 f5 52. f4
Kf6 53. Kf3 h6 54. h3 g5 55. g4 fxg4+ 56. hxg4 Nd5 57. fxg5+ Kxg5 58. Bf5 Nf6
59. Be6 Ne8 60. Bf5 Nd6 61. Be6 Nb5 62. Bd7 h5 63. gxh5 1/2-1/2

[Event "Madrid ch 2021-2022 Final"]
[Site "Madrid ESP"]
[Date "2022.05.25"]
[Round "1.5"]
[White "Ingunza Curro, Andres"]
[Black "Neagu, Roberto Florin"]
[Result "1-0"]
[WhiteElo "2374"]
[BlackElo "2076"]
[PlyCount "107"]
[EventDate "2022.05.25"]
[EventType "swiss"]
[EventRounds "7"]
[EventCountry "ESP"]
[SourceTitle "Ajedrez en Madrid"]
[Source "lmi"]
[SourceDate "2022.05.26"]
[SourceVersion "1"]
[SourceVersionDate "2022.05.31"]
[SourceQuality "1"]

1. e4 c5 2. Nf3 Nc6 3. d4 cxd4 4. Nxd4 Nf6 5. Nc3 e5 6. Ndb5 d6 7. Nd5 Nxd5 8.
exd5 Ne7 9. c4 Ng6 10. Qa4 Bd7 11. Qb4 Bf5 12. h4 h5 13. Bg5 Qb8 14. Be2 a6 15.
Nc3 a5 16. Qa4+ Bd7 17. Qd1 Be7 18. Bxe7 Nxe7 19. O-O Nf5 20. g3 Qd8 21. Ne4 b6
22. f4 Qe7 23. Qd3 g6 24. Rae1 O-O 25. Bd1 Rfe8 26. Rf2 Kg7 27. Nd2 Qf6 28. Ne4
Qe7 29. Qc3 f6 30. Nd2 b5 31. fxe5 fxe5 32. b3 a4 33. Ne4 Rac8 34. Ref1 axb3
35. axb3 bxc4 36. bxc4 Bb5 37. Rxf5 gxf5 38. Rxf5 Rxc4 39. Qe3 Rg8 40. Nf6 Qxf6
41. Rxf6 Kxf6 42. Qh6+ Kf5 43. Qe6+ Ke4 44. Qxg8 Rc1 45. Qh7+ Kd4 46. Qa7+ Kxd5
47. Qb7+ Bc6 48. Qb3+ Kd4 49. Kf2 Rc5 50. Qb4+ Kd3 51. Be2+ Kc2 52. Bxh5 e4 53.
Bg6 Kd3 54. Qb3+ 1-0

[Event "Madrid ch 2021-2022 Final"]
[Site "Madrid ESP"]
[Date "2022.05.25"]
[Round "1.6"]
[White "Barez Menendez, Hector"]
[Black "Suarez Uriel, Adrian"]
[Result "0-1"]
[WhiteElo "2066"]
[BlackElo "2370"]
[PlyCount "90"]
[EventDate "2022.05.25"]
[EventType "swiss"]
[EventRounds "7"]
[EventCountry "ESP"]
[SourceTitle "Ajedrez en Madrid"]
[Source "lmi"]
[SourceDate "2022.05.26"]
[SourceVersion "1"]
[SourceVersionDate "2022.05.31"]
[SourceQuality "1"]

1. d4 Nf6 2. Nf3 g6 3. g3 b6 4. Bg2 Bb7 5. O-O Bg7 6. c4 O-O 7. b3 c5 8. Bb2 e6
9. Nc3 Qe7 10. Qd2 Na6 11. Rad1 d5 12. cxd5 exd5 13. e3 Rfd8 14. Qc1 Rac8 15.
Bh3 Rb8 16. Ba3 Qe8 17. Bg2 Rbc8 18. dxc5 Nxc5 19. Qb1 Ba6 20. Rfe1 Nfe4 21.
Nxe4 dxe4 22. Rxd8 Rxd8 23. Ng5 Bd3 24. Qc1 Rc8 25. Qd2 Qe5 26. Nh3 g5 27. Rc1
a5 28. b4 axb4 29. Qxb4 Rc6 30. Qd2 h6 31. Bb4 Qc7 32. f4 exf3 33. Bxf3 Rd6 34.
Nf2 Bg6 35. Qe2 Re6 36. Bc3 Bxc3 37. Rxc3 Qe5 38. Nd1 Rd6 39. Ra3 Qa1 40. Kg2
Bd3 41. Ra8+ Kg7 42. Qb2+ Qxb2+ 43. Nxb2 g4 44. Bxg4 Be4+ 45. Kh3 Bxa8 0-1

[Event "Madrid ch 2021-2022 Final"]
[Site "Madrid ESP"]
[Date "2022.05.25"]
[Round "1.7"]
[White "Candela Perez, Jose"]
[Black "Perdomo Araujo, Angel Eduardo"]
[Result "1-0"]
[WhiteElo "2336"]
[BlackElo "2065"]
[PlyCount "59"]
[EventDate "2022.05.25"]
[EventType "swiss"]
[EventRounds "7"]
[EventCountry "ESP"]
[SourceTitle "Ajedrez en Madrid"]
[Source "lmi"]
[SourceDate "2022.05.26"]
[SourceVersion "1"]
[SourceVersionDate "2022.05.31"]
[SourceQuality "1"]

1. e4 d5 2. exd5 Qxd5 3. Nf3 Nf6 4. d4 c6 5. c4 Qd6 6. b3 g6 7. Ba3 Qd8 8. Bd3
Bg4 9. Bb2 Bg7 10. Nbd2 O-O 11. O-O c5 12. h3 Bc8 13. Re1 Nc6 14. d5 Nb4 15.
Bb1 e6 16. a3 Na6 17. dxe6 Bxe6 18. Bc2 Nb8 19. Ra2 Nc6 20. Qa1 Nh5 21. Bxg7
Nxg7 22. Ne4 b6 23. Nf6+ Kh8 24. Ng5 Nd4 25. Ngxh7 Qe7 26. Qc1 Rfd8 27. Re5
Ngf5 28. Bxf5 Nxf5 29. Rxf5 Kg7 30. Rh5 1-0

[Event "Madrid ch 2021-2022 Final"]
[Site "Madrid ESP"]
[Date "2022.05.25"]
[Round "1.8"]
[White "Vaquerizo Calvo, Miguel Arturo"]
[Black "Ortega Ruiz, Jose Miguel"]
[Result "1/2-1/2"]
[WhiteElo "2057"]
[BlackElo "2318"]
[PlyCount "41"]
[EventDate "2022.05.25"]
[EventType "swiss"]
[EventRounds "7"]
[EventCountry "ESP"]
[SourceTitle "Ajedrez en Madrid"]
[Source "lmi"]
[SourceDate "2022.05.26"]
[SourceVersion "1"]
[SourceVersionDate "2022.05.31"]
[SourceQuality "1"]

1. e4 e5 2. Nf3 Nc6 3. d4 exd4 4. Nxd4 Nf6 5. Nxc6 bxc6 6. e5 Qe7 7. Qe2 Nd5 8.
c4 Ba6 9. b3 g6 10. Ba3 Nb4 11. Bb2 Bg7 12. a3 Nd5 13. Nd2 O-O 14. O-O-O Rfe8
15. Qf3 Nb6 16. Ne4 Bxe5 17. Bxe5 Qxe5 18. Nf6+ Kf8 19. Nxe8 Qa1+ 20. Kc2 Qa2+
21. Kc1 1/2-1/2

[Event "Madrid ch 2021-2022 Final"]
[Site "Madrid ESP"]
[Date "2022.05.25"]
[Round "1.9"]
[White "Alarcia Astiz, Carlos"]
[Black "Rey Martinez, Jaime"]
[Result "1/2-1/2"]
[WhiteElo "2273"]
[BlackElo "2055"]
[PlyCount "80"]
[EventDate "2022.05.25"]
[EventType "swiss"]
[EventRounds "7"]
[EventCountry "ESP"]
[SourceTitle "Ajedrez en Madrid"]
[Source "lmi"]
[SourceDate "2022.05.26"]
[SourceVersion "1"]
[SourceVersionDate "2022.05.31"]
[SourceQuality "1"]

1. c4 c5 2. g3 Nc6 3. Bg2 g6 4. Nc3 Bg7 5. e4 e6 6. Nge2 Nge7 7. O-O O-O 8. a3
b6 9. Rb1 Bb7 10. d3 Nd4 11. b4 Bc6 12. Nxd4 cxd4 13. Ne2 d6 14. a4 Rc8 15. b5
Ba8 16. Ba3 f5 17. Nf4 Qd7 18. exf5 gxf5 19. Bxa8 Rxa8 20. Qf3 Be5 21. Rfe1
Rac8 22. Re2 Rf7 23. Rbe1 Bxf4 24. Qxf4 e5 25. Qh6 Ng6 26. f4 Re8 27. Bb2 Rg7
28. Bxd4 Re6 29. Kf2 Nf8 30. Qh5 exd4 31. Rxe6 Nxe6 32. Qxf5 Nc5 33. Qd5+ Kh8
34. Qxd4 h6 35. Re3 Kh7 36. Qd5 Re7 37. Rxe7+ Qxe7 38. d4 Nd3+ 39. Kf3 Ne1+ 40.
Kf2 Nd3+ 1/2-1/2

[Event "Madrid ch 2021-2022 Final"]
[Site "Madrid ESP"]
[Date "2022.05.25"]
[Round "1.10"]
[White "Centeno Mendoza, Julio Stefano"]
[Black "Longa Yauca, Javier"]
[Result "0-1"]
[WhiteElo "2050"]
[BlackElo "2259"]
[PlyCount "72"]
[EventDate "2022.05.25"]
[EventType "swiss"]
[EventRounds "7"]
[EventCountry "ESP"]
[SourceTitle "Ajedrez en Madrid"]
[Source "lmi"]
[SourceDate "2022.05.26"]
[SourceVersion "1"]
[SourceVersionDate "2022.05.31"]
[SourceQuality "1"]

1. e4 e6 2. d4 d5 3. e5 c5 4. c3 Nc6 5. Nf3 Qb6 6. a3 a5 7. Bd3 Bd7 8. Bc2 Nh6
9. O-O cxd4 10. cxd4 Nf5 11. Bxf5 exf5 12. Nc3 Be6 13. Na4 Qa6 14. Be3 h6 15.
h4 b5 16. Nc5 Bxc5 17. dxc5 d4 18. Nxd4 O-O-O 19. f4 Rxd4 20. Bxd4 Rd8 21. Rf3
Bc4 22. b3 Rxd4 23. Qc2 Be6 24. Rd1 b4 25. a4 Rxd1+ 26. Qxd1 Qa7 27. Qd6 Qd7
28. Qf8+ Kb7 29. Qxg7 Qd1+ 30. Kh2 Nd4 31. Rf2 Qe1 32. Qg3 h5 33. c6+ Kxc6 34.
Qd3 Qxf2 35. Qa6+ Kd5 36. Qb7+ Nc6 0-1

[Event "Madrid ch 2021-2022 Final"]
[Site "Madrid ESP"]
[Date "2022.05.25"]
[Round "1.11"]
[White "Rottenwohrer Suarez, Juan"]
[Black "Tenorio Garcia, Joel"]
[Result "1-0"]
[WhiteElo "2256"]
[BlackElo "2027"]
[PlyCount "79"]
[EventDate "2022.05.25"]
[EventType "swiss"]
[EventRounds "7"]
[EventCountry "ESP"]
[SourceTitle "Ajedrez en Madrid"]
[Source "lmi"]
[SourceDate "2022.05.26"]
[SourceVersion "1"]
[SourceVersionDate "2022.05.31"]
[SourceQuality "1"]

1. d4 Nf6 2. c4 g6 3. Nc3 d5 4. cxd5 Nxd5 5. e4 Nxc3 6. bxc3 Bg7 7. Nf3 c5 8.
Bb5+ Nd7 9. O-O O-O 10. Re1 Qa5 11. Qb3 a6 12. Bf1 b5 13. Bg5 Re8 14. a4 c4 15.
Qb2 bxa4 16. Qa3 e5 17. Qxa4 Qxa4 18. Rxa4 Bb7 19. Rxc4 Rac8 20. Rb4 Rc7 21. d5
Bf8 22. Rb2 f5 23. exf5 Bxd5 24. fxg6 hxg6 25. Bd2 Bxf3 26. gxf3 Nc5 27. Rb6
Kg7 28. Bxa6 Na4 29. Rb7 Rxb7 30. Bxb7 Nc5 31. Bd5 Nd3 32. Rb1 Rc8 33. Rb7+ Kh8
34. c4 Nc5 35. Rb6 Kg7 36. Bc3 Re8 37. f4 Nd3 38. fxe5 Bc5 39. Rb7+ Kf8 40.
Rf7+ 1-0

[Event "Madrid ch 2021-2022 Final"]
[Site "Madrid ESP"]
[Date "2022.05.25"]
[Round "1.12"]
[White "Bello Burguet, Glenier Lazaro"]
[Black "Garcia Dorado, Alberto"]
[Result "1/2-1/2"]
[WhiteElo "1993"]
[BlackElo "2220"]
[PlyCount "22"]
[EventDate "2022.05.25"]
[EventType "swiss"]
[EventRounds "7"]
[EventCountry "ESP"]
[SourceTitle "Ajedrez en Madrid"]
[Source "lmi"]
[SourceDate "2022.05.26"]
[SourceVersion "1"]
[SourceVersionDate "2022.05.31"]
[SourceQuality "1"]

1. Nf3 Nf6 2. c4 c5 3. g3 Nc6 4. Bg2 d5 5. cxd5 Nxd5 6. d4 e6 7. O-O cxd4 8.
Nxd4 Be7 9. Nc3 O-O 10. Nxd5 exd5 11. Be3 Bf6 1/2-1/2

[Event "Madrid ch 2021-2022 Final"]
[Site "Madrid ESP"]
[Date "2022.05.25"]
[Round "1.13"]
[White "Martinez Fernandez, Raul"]
[Black "Ruiz Vazquez, Javier"]
[Result "1-0"]
[WhiteElo "2204"]
[BlackElo "1960"]
[PlyCount "120"]
[EventDate "2022.05.25"]
[EventType "swiss"]
[EventRounds "7"]
[EventCountry "ESP"]
[SourceTitle "Ajedrez en Madrid"]
[Source "lmi"]
[SourceDate "2022.05.26"]
[SourceVersion "1"]
[SourceVersionDate "2022.05.31"]
[SourceQuality "1"]

1. e4 c5 2. Nf3 Nf6 3. Nc3 Nc6 4. d4 cxd4 5. Nxd4 e6 6. g3 Bb4 7. Bg2 O-O 8.
O-O Qa5 9. Nde2 h5 10. Bd2 Qb6 11. Nf4 h4 12. Nd3 hxg3 13. Nxb4 gxh2+ 14. Kxh2
Nxb4 15. e5 Ne8 16. Qh5 f5 17. Ne2 Qc5 18. Bc3 d6 19. Nf4 dxe5 20. Ng6 Rf6 21.
Qh8+ Kf7 22. Nxe5+ Ke7 23. Qh4 a5 24. Nf3 Nd5 25. Bxf6+ Nexf6 26. Rfe1 Bd7 27.
Ne5 g5 28. Qxg5 Qxf2 29. Ng6+ Kf7 30. Rf1 Qd4 31. c3 Qe3 32. Qxe3 Nxe3 33. Ne5+
Ke7 34. Rf3 Neg4+ 35. Nxg4 Nxg4+ 36. Kg1 Bc6 37. Rh3 Rd8 38. Bxc6 bxc6 39. a4
Nf6 40. b4 Rg8+ 41. Kf1 f4 42. b5 e5 43. b6 Rb8 44. Rb1 Nd7 45. Rh7+ Ke6 46.
Rh6+ Nf6 47. b7 Ke7 48. Rb6 Nd7 49. Rbxc6 Rxb7 50. Rh7+ Kd8 51. Ra6 e4 52. Rxa5
Rb1+ 53. Ke2 f3+ 54. Kf2 Rb2+ 55. Kg3 Rg2+ 56. Kh3 Rd2 57. Ra8+ Kc7 58. Re8 Rd1
59. Kg3 Kc6 60. Rxe4 Rd3 1-0

[Event "Madrid ch 2021-2022 Final"]
[Site "Madrid ESP"]
[Date "2022.05.25"]
[Round "1.14"]
[White "Gueler Berdasco, Martin"]
[Black "Ruiz Buendia, Miguel"]
[Result "0-1"]
[WhiteElo "1946"]
[BlackElo "2162"]
[PlyCount "86"]
[EventDate "2022.05.25"]
[EventType "swiss"]
[EventRounds "7"]
[EventCountry "ESP"]
[SourceTitle "Ajedrez en Madrid"]
[Source "lmi"]
[SourceDate "2022.05.26"]
[SourceVersion "1"]
[SourceVersionDate "2022.05.31"]
[SourceQuality "1"]

1. c4 e5 2. g3 Nf6 3. Bg2 c6 4. Nf3 e4 5. Nd4 Qb6 6. Nc2 d5 7. cxd5 cxd5 8. d3
Bc5 9. O-O Bf5 10. dxe4 dxe4 11. Nc3 Qc6 12. Nd4 Bxd4 13. Qxd4 O-O 14. Bg5 Nbd7
15. Rac1 Qe6 16. Rfd1 h6 17. Bf4 Nb6 18. Bc7 Rfc8 19. Nb5 Nbd5 20. Be5 Rc6 21.
Bxf6 Rxc1 22. Rxc1 Nxf6 23. Rc5 Rc8 24. Qc3 Rxc5 25. Qxc5 b6 26. Qa3 Qd5 27.
Nc3 Qd2 28. h3 Qe1+ 29. Kh2 Qxf2 30. Qxa7 Qd4 31. a4 Qb4 32. Qb8+ Kh7 33. Qe5
Bg6 34. Qb5 Qd6 35. Qa6 Qc7 36. Qb5 Nh5 37. Nxe4 f5 38. Nc3 Qxg3+ 39. Kh1 Nf4
40. Qc6 Nxh3 41. Qxb6 Nf2+ 42. Kg1 Ng4 43. Kf1 Ne3+ 0-1

[Event "Madrid ch 2021-2022 Final"]
[Site "Madrid ESP"]
[Date "2022.05.26"]
[Round "2.1"]
[White "Longa Yauca, Javier"]
[Black "Martin Duque, Jesus"]
[Result "1-0"]
[WhiteElo "2259"]
[BlackElo "2391"]
[PlyCount "120"]
[EventDate "2022.05.25"]
[EventType "swiss"]
[EventRounds "7"]
[EventCountry "ESP"]
[SourceTitle "Ajedrez en Madrid"]
[Source "lmi"]
[SourceDate "2022.05.26"]
[SourceVersion "1"]
[SourceVersionDate "2022.05.31"]
[SourceQuality "1"]

1. c4 b6 2. Nc3 Bb7 3. Nf3 Nf6 4. d4 e6 5. a3 d5 6. Bg5 Be7 7. e3 O-O 8. Rc1 h6
9. Bh4 Nbd7 10. cxd5 exd5 11. Bg3 c5 12. Be2 c4 13. Nd2 a6 14. O-O b5 15. f3
Nh5 16. Bf2 f5 17. Qc2 Kh8 18. Rce1 Bd6 19. Bd1 Qc7 20. g3 Ndf6 21. f4 Ng4 22.
Nf3 Qf7 23. Nh4 Nxf2 24. Rxf2 Be7 25. Nf3 Qe6 26. Ne5 Nf6 27. Ng6+ Kg8 28. Qxf5
Qd6 29. Bc2 Rfe8 30. Ne5 Rf8 31. Qg6 Rae8 32. g4 b4 33. axb4 Ne4 34. Nxe4 dxe4
35. Qh5 Qxb4 36. Ref1 Bd6 37. Ng6 Rf7 38. g5 Qb5 39. f5 Qd7 40. gxh6 gxh6 41.
Rg2 Kh7 42. Ne5 Bxe5 43. dxe5 Rg7 44. e6 Rxg2+ 45. Kxg2 Qg7+ 46. Kh3 Rg8 47.
Qf7 Qxf7 48. exf7 Rf8 49. Kg4 Rxf7 50. Kf4 Kg7 51. Rg1+ Kf8 52. Rg6 Rd7 53.
Rf6+ Kg7 54. Rb6 Bc8 55. Rc6 Rd2 56. Bxe4 Bd7 57. Rxc4 Bb5 58. Rc8 Kf6 59. Rf8+
Ke7 60. Rh8 Rxh2 1-0

[Event "Madrid ch 2021-2022 Final"]
[Site "Madrid ESP"]
[Date "2022.05.26"]
[Round "2.2"]
[White "Ruiz Buendia, Miguel"]
[Black "Ingunza Curro, Andres"]
[Result "1/2-1/2"]
[WhiteElo "2162"]
[BlackElo "2374"]
[PlyCount "73"]
[EventDate "2022.05.25"]
[EventType "swiss"]
[EventRounds "7"]
[EventCountry "ESP"]
[SourceTitle "Ajedrez en Madrid"]
[Source "lmi"]
[SourceDate "2022.05.26"]
[SourceVersion "1"]
[SourceVersionDate "2022.05.31"]
[SourceQuality "1"]

1. e4 e5 2. Nf3 Nc6 3. Bc4 Nf6 4. d3 Bc5 5. O-O d6 6. c3 a6 7. a4 Ba7 8. h3 h6
9. Be3 O-O 10. Bxa7 Rxa7 11. Re1 Re8 12. a5 Be6 13. Bxe6 Rxe6 14. d4 exd4 15.
Nxd4 Nxd4 16. Qxd4 c5 17. Qd3 Qe7 18. Nd2 d5 19. Qg3 Ra8 20. e5 Nd7 21. f4 f6
22. Qf3 Rd8 23. Qxd5 Nxe5 24. Qb3 Rxd2 25. fxe5 Kh8 26. Rad1 Rxd1 27. Qxd1 Rxe5
28. Rxe5 Qxe5 29. Qd7 Qb8 30. Kf2 Qf4+ 31. Kg1 Qb8 32. Kf2 c4 33. Kf3 Kh7 34.
Qf5+ Kh8 35. Qd7 Qa8 36. Kg3 Qb8+ 37. Kf3 1/2-1/2

[Event "Madrid ch 2021-2022 Final"]
[Site "Madrid ESP"]
[Date "2022.05.26"]
[Round "2.3"]
[White "Suarez Uriel, Adrian"]
[Black "Rottenwohrer Suarez, Juan"]
[Result "1-0"]
[WhiteElo "2370"]
[BlackElo "2256"]
[PlyCount "113"]
[EventDate "2022.05.25"]
[EventType "swiss"]
[EventRounds "7"]
[EventCountry "ESP"]
[SourceTitle "Ajedrez en Madrid"]
[Source "lmi"]
[SourceDate "2022.05.26"]
[SourceVersion "1"]
[SourceVersionDate "2022.05.31"]
[SourceQuality "1"]

1. e4 c5 2. Ne2 e6 3. d4 cxd4 4. Nxd4 a6 5. Bd3 Bc5 6. Nb3 Ba7 7. O-O Nc6 8.
Qg4 Qf6 9. Qg3 Nge7 10. Nc3 O-O 11. a4 h6 12. Bf4 e5 13. Be3 d6 14. Bc4 Be6 15.
Bxe6 Qxe6 16. Bxa7 Rxa7 17. Rad1 f5 18. Qd3 Rd8 19. exf5 Qxf5 20. Qxf5 Nxf5 21.
Nd5 b5 22. Ra1 b4 23. a5 Rb7 24. Ra4 Rdb8 25. Rd1 Kf7 26. Ne3 Nxe3 27. fxe3 Ke6
28. e4 Rb5 29. Raa1 Rd8 30. Kf2 d5 31. exd5+ Rdxd5 32. Rxd5 Kxd5 33. Ke3 Ke6
34. Kd3 Kd5 35. g4 Ke6 36. Kc4 Ke7 37. h4 Kf6 38. Rd1 Nxa5+ 39. Nxa5 Rxa5 40.
Rd6+ Ke7 41. Rb6 Ra4 42. Rxb4 Rxb4+ 43. Kxb4 Kd6 44. Kc4 a5 45. b3 Kc6 46. h5
Kd6 47. Kd3 Kd5 48. c3 Ke6 49. Ke4 Kd6 50. c4 Kc5 51. Kxe5 Kb4 52. Kd5 Kxb3 53.
c5 a4 54. c6 a3 55. c7 a2 56. c8=Q a1=Q 57. Qc4+ 1-0

[Event "Madrid ch 2021-2022 Final"]
[Site "Madrid ESP"]
[Date "2022.05.26"]
[Round "2.4"]
[White "Simonyan, Arturo"]
[Black "Candela Perez, Jose"]
[Result "1/2-1/2"]
[WhiteElo "1895"]
[BlackElo "2336"]
[PlyCount "89"]
[EventDate "2022.05.25"]
[EventType "swiss"]
[EventRounds "7"]
[EventCountry "ESP"]
[SourceTitle "Ajedrez en Madrid"]
[Source "lmi"]
[SourceDate "2022.05.26"]
[SourceVersion "1"]
[SourceVersionDate "2022.05.31"]
[SourceQuality "1"]

1. e4 c5 2. Nf3 e6 3. d4 cxd4 4. Nxd4 Nc6 5. Nc3 Qc7 6. Be3 a6 7. Qd2 Nf6 8. f3
Bb4 9. a3 Be7 10. O-O-O b5 11. Bxb5 axb5 12. Ndxb5 Qb8 13. Nd6+ Bxd6 14. Qxd6
Qxd6 15. Rxd6 O-O 16. Rhd1 Ne5 17. Bc5 Ba6 18. b3 Ng6 19. Kb2 Rfb8 20. a4 Ne5
21. Rb6 Rxb6 22. Bxb6 Ne8 23. f4 Ng6 24. g3 d6 25. b4 Ne7 26. b5 Bb7 27. Kb3 f5
28. exf5 Nxf5 29. a5 Rb8 30. Kb4 Kf7 31. Na4 Nf6 32. a6 Be4 33. a7 Ra8 34. c4
Nd7 35. Bf2 h5 36. b6 Bb7 37. Nc3 Rc8 38. Ra1 Ne7 39. Nb5 Rc6 40. a8=Q Bxa8 41.
Rxa8 Nxb6 42. Bxb6 Rxb6 43. Ra7 Kf6 44. Rd7 Nf5 45. c5 1/2-1/2

[Event "Madrid ch 2021-2022 Final"]
[Site "Madrid ESP"]
[Date "2022.05.26"]
[Round "2.5"]
[White "Almagro Llamas, Pablo"]
[Black "Martinez Fernandez, Raul"]
[Result "1/2-1/2"]
[WhiteElo "2404"]
[BlackElo "2204"]
[PlyCount "127"]
[EventDate "2022.05.25"]
[EventType "swiss"]
[EventRounds "7"]
[EventCountry "ESP"]
[SourceTitle "Ajedrez en Madrid"]
[Source "lmi"]
[SourceDate "2022.05.26"]
[SourceVersion "1"]
[SourceVersionDate "2022.05.31"]
[SourceQuality "1"]

1. d4 Nf6 2. Nf3 e6 3. c4 Bb4+ 4. Bd2 a5 5. a3 Bxd2+ 6. Qxd2 d6 7. Nc3 Nbd7 8.
g3 b6 9. Bg2 Bb7 10. Qc2 O-O 11. O-O Qe7 12. Rfd1 Rfc8 13. e4 e5 14. Rac1 exd4
15. Nxd4 Qe5 16. f4 Qh5 17. Bf3 Qh3 18. e5 Bxf3 19. Nxf3 Qh5 20. exf6 Qxf3 21.
fxg7 Re8 22. Qg2 Qe3+ 23. Qf2 Nf6 24. Qxe3 Rxe3 25. Re1 Rae8 26. Rxe3 Rxe3 27.
Rc2 Kxg7 28. Kg2 Kg6 29. Nb5 Ne8 30. Kf2 Re7 31. g4 h5 32. h3 hxg4 33. hxg4 f5
34. g5 Re4 35. Kf3 c6 36. Nc3 Rxc4 37. Rh2 b5 38. Rh6+ Kf7 39. Nd1 b4 40. Ne3
Rc5 41. a4 b3 42. Ke2 d5 43. Kd3 Ng7 44. Rf6+ Ke7 45. Nxf5+ Nxf5 46. Rxf5 Rc2
47. Re5+ Kf7 48. f5 Rxb2 49. Re6 Rf2 50. g6+ Kg7 51. Rxc6 Rxf5 52. Kc3 Rf3+ 53.
Kb2 Rf6 54. Rc5 Ra6 55. Rxd5 Kxg6 56. Kxb3 Kf6 57. Kc4 Ke6 58. Rh5 Kd7 59. Kb5
Rg6 60. Re5 Rg8 61. Kb6 Rb8+ 62. Ka7 Rb4 63. Rxa5 Kc6 64. Ra6+ 1/2-1/2